Friedman's revenge: the reform of "liberal" welfare states in Canada and the United States (Record no. 36532)

000 -LEADER
fixed length control field 00512pab a2200181 454500
008 - FIXED-LENGTH DATA ELEMENTS--GENERAL INFORMATION
fixed length control field 180718b1997 xxu||||| |||| 00| 0 eng d
100 ## - MAIN ENTRY--PERSONAL NAME
Personal name Myles, John
245 ## - TITLE STATEMENT
Title Friedman's revenge: the reform of "liberal" welfare states in Canada and the United States
260 ## - PUBLICATION, DISTRIBUTION, ETC.
Date of publication, distribution, etc. 1997
300 ## - PHYSICAL DESCRIPTION
Extent p.443-72
362 ## - DATES OF PUBLICATION AND/OR SEQUENTIAL DESIGNATION
Dates of publication and/or sequential designation Dec
650 ## - SUBJECT ADDED ENTRY--TOPICAL TERM
Topical term or geographic name entry element Social policy - United States
650 ## - SUBJECT ADDED ENTRY--TOPICAL TERM
Topical term or geographic name entry element Social policy - Canada
650 ## - SUBJECT ADDED ENTRY--TOPICAL TERM
Topical term or geographic name entry element Social policy
700 ## - ADDED ENTRY--PERSONAL NAME
Personal name Pierson, Paul
773 ## - HOST ITEM ENTRY
Main entry heading Politics and Society
909 ## -
-- 36532
Holdings
Withdrawn status Lost status Damaged status Not for loan Permanent Location Current Location Date acquired Serial Enumeration / chronology Barcode Date last seen Price effective from Koha item type
        Indian Institute of Public Administration Indian Institute of Public Administration 2018-07-19 Volume no: 25, Issue no: 4 AR36850 2018-07-19 2018-07-19 Articles

Powered by Koha